| 000 | 01010 a2200313 4500 | ||
|---|---|---|---|
| 001 | 200002653 | ||
| 003 | TR-AnTOB | ||
| 005 | 20251022134825.0 | ||
| 008 | 130403s tu 000 0 | ||
| 040 |
_aTR-AnTOB _beng _cTR-AnTOB _erda |
||
| 041 | _atur | ||
| 050 |
_aLF5250.A33 _bC85 2007 |
||
| 090 |
_aREF LF5250.A33 _bC85 2007 |
||
| 110 |
_aÇukurova Üniversitesi _972143 |
||
| 245 | 0 | _aÇukurova Üniversitesi stratejik planı 2008-2012. | |
| 264 | 1 |
_aAdana: _bÇukurova Üniversitesi, _c2007. |
|
| 300 |
_a121 s. : _btbl. ; _c28 cm. |
||
| 336 |
_2 rdacontent _atext _btxt |
||
| 337 |
_2 rdamedia _aunmediated _bn |
||
| 338 |
_2rdacarrier _avolume _bnc |
||
| 500 | _aKaynakça vardır. | ||
| 610 | 2 | 0 |
_aÇukurova Üniversitesi _972143 |
| 650 | 0 | 0 |
_aUniversities and colleges _zTurkey _zAdana _972144 |
| 650 | 0 | 0 |
_aÜniversiteler ve yüksekokullar _zTürkiye _zAdana _972145 |
| 650 | 0 | 7 |
_aStratejik planlama _2etuturkob _91860 |
| 650 | 0 | 0 |
_aStrategic planning _91126 |
| 942 |
_cREF _2lcc |
||
| 999 |
_c200002653 _d24194 |
||